000 00661nam a2200193Ia 4500
003 GCL
008 140319s9999 xx 000 0 ara d
040 _aGCL /
_cGCL
082 0 4 _a382.1
_bم ج
100 1 _aمركز المحروسة للمعلومات
245 1 0 _aالجات ومصير العرب /
_cمركز المحروسة للمعلومات
300 _aمتعدد
490 _aالهيئة العامة للاستعلامات
_v0
650 0 4 _aالاتفاقيات الدولية
650 0 4 _aالعلاقات الاقتصادية الدولية
650 0 4 _aالاتفاقيات التجارية
650 0 4 _aالجات
942 _2ddc
_cBK
999 _c50176
_d50176